Logo biblioteca
Santa Fe 2917, Rosario, Santa Fe
Lu-Vi 8 a 19.45
+54-341-4232362
bibliotecaeudoro@gmail.com
Facebook Biblioteca Pedagógica
Sitio web

El diseño de actividades prácticas de laboratorios para promover las habilidades de investigación / (Registro nro. 32599)

Detalles MARC
000 -CABECERA
campo fijo de control de longitud 01384nab a2200277 4500
003 - IDENTIFICADOR DEL NÚMERO DE CONTROL
campo de control AR-RoBPED
005 - FECHA Y HORADE LA ULTIMA TRANSACCION
campo de control 20260422120255.0
008 - ELEMENTOS DE LONGITUD FIJA--INFORMACION GENERAL
campo fijo de control de longitud 260422b |||||||| |||| 00| 0 spa d
040 ## - FUENTE CATALOGADORA
Centro catalogador/agencia de origen AR-RoBPED
041 ## - IDIOMA
Código de idioma para texto/pista de sonido o título independiente spa
100 1# - ENCABEZAMIENTO PRINCIPAL--AUTOR PERSONAL
Nombre de persona Fernández Marchesi, Nancy E.
9 (RLIN) 30785
Función Doctora en Investigación en la Enseñanza y el Aprendizaje de las Ciencias Experimentales
245 13 - TITULO
Título El diseño de actividades prácticas de laboratorios para promover las habilidades de investigación /
260 ## - PUBLICACION
Lugar Buenos Aires :
Editor Noveduc,
Fecha 2024
300 ## - DESCRIPCION FISICA
Extensión 2-9 p.
500 ## - NOTA GENERAL
Nota general Las autoras presentan algunas recomendaciones para el abordaje de las actividades prácticas de laboratorio desde un enfoque de investigación basado en historias de la ciencia que tienen como protagonistas a poblaciones habitualmente individualizadas o en situaciones social o políticamente críticas.
650 #0 - TERMINO DE MATERIA--CONTROLADO
Término controlado PRÁCTICAS
9 (RLIN) 25092
Término controlado INVESTIGACION
9 (RLIN) 345
Término controlado HISTORIA DE LAS CIENCIAS
9 (RLIN) 8532
Término controlado PROPUESTA DIDÁCTICA
9 (RLIN) 22005
Término controlado LABORATORIOS
9 (RLIN) 12186
Término controlado ACTIVIDADES PRACTICAS
9 (RLIN) 18351
700 1# - ENCABEZAMIENTO SECUNDARIO--AUTOR PERSONAL
Nombre de persona Rodriguez, Elizabeth
9 (RLIN) 30786
Función Docente de Biología
773 0# - DOCUMENTO FUENTE
Host Biblionumber 20414
Host Itemnumber 41866
Place, publisher, and date of publication Buenos Aires : Noveduc, 1993-
Título Novedades Educativas
Record control number (AR-RoBPED)20414
International Standard Serial Number 03283534
942 ## - ELEMENTOS KOHA
Fuente de clasificación Universal Decimal Classification
Koha tipo de ítem Revistas
Clasificación 37(05)
Signatura librística Nov 86 N° 398 (Sept.2024)
Número Koha k.32599
945 ## - PROCESAMIENTO DE LA INFORMACIÓN LOCAL
Catalogador y fecha mar 04//2026

No hay ítems disponibles.